Os países mais odiados do mundo - Statistics

Estatísticas Gerais
  • Esse quiz foi jogado 284 vezes
  • A pontuação média é 12 de 16
Estatísticas das Respostas
# Países % Correto
4 Estados Unidos
98%
1 Rússia
98%
2 China
96%
3 Coréia do Norte
84%
16 Alemanha
81%
11 França
80%
8 Irã
79%
15 Iraque
72%
7 Índia
68%
6 Reino Unido
67%
5 Israel
65%
10 Arábia Saudita
62%
12 Paquistão
56%
14 Afeganistão
54%
13 Síria
54%
9 Turquia
43%
Nenhum quiz correspondente encontrado
Distribuição das Pontuações
Porcentagem de Pessoas com Cada Pontuação
Percentil de Números Respondidos
Sua Pontuação Histórica
Você não jogou esse quiz